<?xml version="1.0" encoding="UTF-8"?><?xml-stylesheet type="text/xsl" href="static/style.xsl"?><OAI-PMH xmlns="http://www.openarchives.org/OAI/2.0/" xmlns:xsi="http://www.w3.org/2001/XMLSchema-instance" xsi:schemaLocation="http://www.openarchives.org/OAI/2.0/ http://www.openarchives.org/OAI/2.0/OAI-PMH.xsd"><responseDate>2026-06-29T02:37:44Z</responseDate><request verb="GetRecord" identifier="oai:docta.ucm.es:20.500.14352/57966" metadataPrefix="marc">https://docta.ucm.es/rest/oai/request</request><GetRecord><record><header><identifier>oai:docta.ucm.es:20.500.14352/57966</identifier><datestamp>2023-08-25T20:49:41Z</datestamp><setSpec>com_20.500.14352_14</setSpec><setSpec>col_20.500.14352_15</setSpec></header><metadata><record xmlns="http://www.loc.gov/MARC21/slim" xmlns:dcterms="http://purl.org/dc/terms/" xmlns:xsi="http://www.w3.org/2001/XMLSchema-instance" xmlns:doc="http://www.lyncode.com/xoai" xsi:schemaLocation="http://www.loc.gov/MARC21/slim http://www.loc.gov/standards/marcxml/schema/MARC21slim.xsd">
   <leader>00925njm 22002777a 4500</leader>
   <datafield ind2=" " ind1=" " tag="042">
      <subfield code="a">dc</subfield>
   </datafield>
   <datafield ind2=" " ind1=" " tag="720">
      <subfield code="a">Pozo, M.</subfield>
      <subfield code="e">author</subfield>
   </datafield>
   <datafield ind2=" " ind1=" " tag="720">
      <subfield code="a">Sanz Rubio, E.</subfield>
      <subfield code="e">author</subfield>
   </datafield>
   <datafield ind2=" " ind1=" " tag="720">
      <subfield code="a">Rodríguez Aranda, Juan Pablo</subfield>
      <subfield code="e">author</subfield>
   </datafield>
   <datafield ind2=" " ind1=" " tag="720">
      <subfield code="a">Casas Sainz de Aja, J.</subfield>
      <subfield code="e">author</subfield>
   </datafield>
   <datafield ind2=" " ind1=" " tag="720">
      <subfield code="a">Calvo Sorando, José Pedro</subfield>
      <subfield code="e">author</subfield>
   </datafield>
   <datafield ind2=" " ind1=" " tag="720">
      <subfield code="a">Cañaveras, Juan Carlos</subfield>
      <subfield code="e">author</subfield>
   </datafield>
   <datafield ind2=" " ind1=" " tag="260">
      <subfield code="c">2000</subfield>
   </datafield>
   <datafield ind2=" " ind1=" " tag="520">
      <subfield code="a">Sedimentary magnesite is largely present in the Miocene evaporite formations (Lower and Intermediate units) of the Calatayud Basin (NE Spain). Magnesite deposits are forming part of sedimentary sequences corresponding to hypersaline and moderate-to-high concentrated saline lakes. Both field and mineralógica! studies show that magnesite is associated with a wide range of lithofacies, but most commonly with phyllosilicates and gypsum. Trioctahedral clay minerals (Mg-smectites) were identified in mudflat environments of the hypersaline Lower Unit, probably formed by transformation of inherited phases in Mg and Si-rich saline-alkaline environments. Moderate to well ordered smectites (diocta-trioctahedral) in green clay lithofacies in absence of magnesite suggest a genetic competition forming magnesite or Mg-smectite. In contrast, the exclusive presence of illite associated with interestratified illite/smectite in sequences that correspond to moderate-to-high concentrated saline lakes could result from illitization processes of smectites in Mg-K-rich environments, under periodical dry/wet cycles.</subfield>
   </datafield>
   <datafield ind1="8" ind2=" " tag="024">
      <subfield code="a">1576-5172</subfield>
   </datafield>
   <datafield ind1="8" ind2=" " tag="024">
      <subfield code="a">https://hdl.handle.net/20.500.14352/57966</subfield>
   </datafield>
   <datafield ind1="8" ind2=" " tag="024">
      <subfield code="a">http://www.sociedadgeologica.es/publicaciones_geotemas_realizadas.html</subfield>
   </datafield>
   <datafield ind2="0" ind1="0" tag="245">
      <subfield code="a">Depósitos de magnesita en la Cuenca de Calatayud: facies y
asociaciones mineralógicas</subfield>
   </datafield>
</record></metadata></record></GetRecord></OAI-PMH>